000 00631nam a2200241Ia 4500
005 20250425162319.0
008 250425s9999 xx 000 0 und d
020 _a9978723501
041 _aspa
043 _aec
082 _a918.6603
100 _aONTANEDA LUCIANO, SANTIAGO
245 0 _aPERIODO DE INTEGRACION: SEÑORIOS ETNICOS Y CONFEDERACIONES
250 _a1A ED.
260 _aEcuador
_bBANCO CENTRAL DEL ECUADOR
_c2002
260 _aGUAYAQUIL
300 _a75
650 _aHISTORIA CONTEMPORANEA
650 _aHISTORIA DEL ECUADOR
650 _aPERIODO DE INTEGRACION
942 _c01
010 _a61032
999 _c226670
_d226670